000 00656nam a2200181Ia 4500
008 090630s9999 xx 000 0 und d
082 _b11859
100 _aशितोळे राजेंद्र.
245 _aधाडसी राजपुत्र.
_cशितोळे राजेंद्र.
260 _bश्रध्दा.
300 _a16
600 _aशितोळे राजेंद्र.
630 _aधाडसी राजपुत्र.
655 _aबालवाङमय.
700 _aशितोळे राजेंद्र.
730 _aधाडसी राजपुत्र.
942 _cBOOK
999 _c263715
_d263715